000 01466nam a2200229Ia 4500
003 Ost
005 20260507075724.0
008 260507s9999||||xx |||||||||||||| ||und||
040 _cfsecg
041 _aara
082 _a1.64
100 _aسلامة، حسين احمد
_eمؤلف
245 0 _aتطبيقات الانترنت :
_bتعلم جافا سكريبت /
_c حسين احمد سلامة
260 _aعمان:
_bمكتبة المجتمع العربي,
_c2003
300 _a485 صفحة؛
_bإيضاحات ؛
_c24 سم
504 _aبيبليوغرافيا ص. 485
520 _aفي هذا الكتاب التصنيف الطبقي أساسيات في جافا سكريبت ، جدول الانماط المتعاقبة ، java applets ، برتوكلات طبقة النقل ، ROUTERS ، كيانات جافا سكريبت ، تعليمات جافا سكريبت ؛ نتاج HTML ، المتغيرات ، القيم الحرفية ، التحويل بين أنواع القيم، المجموعات المرتبة ، اعلان المجموعات المرتبة ؛ جمل استدعاء الوظائف ، دمج جافا سكريبت مع HTML، معالجة النص البرمجي ، هيكل برنامج جافا سكريبت التعامل مع الحدث ObJECT MODEL
653 _aالحواسيب
653 _aشبكات الحواسيب
653 _aنظم المعلومات- المؤسسة الممتدة
942 _cكتاب
999 _c45962
_d45962